=LDR 00000nam 2200000 4500 =001 INLIS000000000011837 =005 20130612103400 =008 ***********************************Ind** =035 ##$$0010-061300000011837 =041 ##$$a Ind =082 ##$$a 646.7 =090 ##$$a 646.7, Muh m =100 ##$$a Muayidin, Muhammad =245 ##$$a Mengubah kebiasaan, Muhammad Muhyidin =260 ##$$a 2003 $b Jakarta =300 ##$$a 297 hlm., 21 cm =650 ##$$a Sukses =850 ##$$a NBPNMAT